Los Carmelitas (Record no. 172101)

MARC details
000 -LEADER
campo de control de longitud fija 01026nam a2200241 i 4500
001 - NÚMERO DE CONTROL
campo de control 172101
003 - IDENTIFICADOR DE NÚMERO DE CONTROL
campo de control ES-MaACL
005 - FECHA Y HORA DE LA ÚLTIMA TRANSACCIÓN
campo de control 20250923160859.0
008 - DATOS DE LONGITUD FIJA--INFORMACIÓN GENERAL
campo de control de longitud fija 090615s1993 sp abf |||| | spa d
020 ## - NÚMERO INTERNACIONAL ESTÁNDAR DEL LIBRO
Número Internacional Estándar del Libro 84-7914-095-X
100 1# - ENTRADA PRINCIPAL--NOMBRE DE PERSONA
Nombre de persona Velasco Bayón, Balbino.
9 (RLIN) 113745
245 14 - MENCIÓN DEL TÍTULO
Título Los Carmelitas
Resto del título : historia de la Orden del Carmen.
Número de parte o sección de la obra IV,
Nombre de parte o sección de la obra El Carmelo español (1260-1980) /
Mención de responsabilidad, etc. Balbino Velasco Bayón ; prólogo de Antonio Rumeu de Armas.
260 ## - PUBLICACIÓN, DISTRIBUCIÓN, ETC.
Lugar de publicación, distribución, etc. Madrid :
Nombre del editor, distribuidor, etc. Biblioteca de Autores Cristianos,
Fecha de publicación, distribución, etc. 1993.
300 ## - DESCRIPCIÓN FÍSICA
Extensión XLVI, 557 p., [30] p. de lám. :
Otras características físicas map., il. ;
Dimensiones 20 cm.
490 1# - MENCIÓN DE SERIE
Mención de serie Biblioteca de Autores Cristianos ;
Designación de volumen o secuencia 532
504 ## - NOTA DE BIBLIOGRAFÍA, ETC.
Nota de bibliografía, etc. Bibliografía : p. [XXXI]-XLVI.
536 ## - NOTA DE INFORMACIÓN SOBRE LA FINANCIACIÓN
Texto de la nota Obra patrocinada por la Conferencia de Superiores y Superioras Mayores Carmelitas de la Región Ibérica
610 2# - PUNTO DE ACCESO ADICIONAL DE MATERIA--NOMBRE DE ENTIDAD CORPORATIVA
Nombre de entidad corporativa o nombre de jurisdicción como elemento de entrada Carmelitas-
Subdivisión de forma Historia.
9 (RLIN) 2444
700 1# - ENTRADA AGREGADA--NOMBRE PERSONAL
Nombre de persona Rumeu de Armas, Antonio,
Fechas asociadas al nombre 1912-2006
9 (RLIN) 100991
830 00 - PUNTO DE ACCESO ADICIONAL DE SERIE-TÍTULO UNIFORME
Título uniforme Biblioteca de autores cristianos
Designación de volumen o secuencia 532
9 (RLIN) 178679
852 ## - LOCALIZACIÓN
Ubicación ES-MaACL
Número de control de estantería J-519
Holdings
Estatus retirado Estado de pérdida Estado de daño No para préstamo Biblioteca de origen Biblioteca actual Ubicación en estantería Fecha de adquisición Fuente de adquisición Total de préstamos Signatura topográfica completa Código de barras Visto por última vez Precio de reemplazo Tipo de ítem Koha
        Biblioteca del Ateneo de Madrid Biblioteca del Ateneo de Madrid Depósito 2 15/06/2009     J-519 1180608 23/02/2023 23/02/2023 Libro impreso